000
00207 a2200097 4500
001
23491
100
_a
Hoeowilz, M
245
_a
Measuring HI FI amplifiers
260
_a
_b
sams
_c
1967
090
_c
15881
_d
15881
942
_a
NUST-CAE
_c
M
_c
6537
999
_c
258564
_d
258564